000 00766nam a2200289Ia 4500
005 20260324112434.0
008 008 260324s9999 xx 000 0 eng d
020 _a9781003203940
037 _aEBOOK
040 _aCRL
040 _beng
040 _cCRL
041 _2eng
041 _aeng
084 _qCRL
100 _aBarbara Wilson; Jwala Narayanan; Narinder Kapur; Jonathan Evans; Anjana Xavier
_91142697
245 0 _aNeuropsychological Consequences of COVID-19
245 0 _bLife After Stroke and Balint's Syndrome
260 _bTaylor and Francis
260 _c2024
365 _a
365 _b230
856 _uhttp://www.taylorfrancis.com/books/9781003203940
942 _cEBOOK
999 _c1731904
_d1731904